Renewable energy and climate change / (Record no. 596387)
[ view plain ]
| 000 -LEADER | |
|---|---|
| fixed length control field | 00367nam a2200121Ia 4500 |
| 008 - FIXED-LENGTH DATA ELEMENTS--GENERAL INFORMATION | |
| fixed length control field | 230907s9999||||xx |||||||||||||| ||und|| |
| 082 ## - DEWEY DECIMAL CLASSIFICATION NUMBER | |
| Classification number | 363.73874 |
| Author Mark | QUA |
| 100 ## - MAIN ENTRY--PERSONAL NAME | |
| Personal name | Quaschning, Volker, |
| 9 (RLIN) | 61752 |
| 245 #0 - TITLE STATEMENT | |
| Title | Renewable energy and climate change / |
| 260 ## - PUBLICATION, DISTRIBUTION, ETC. | |
| Place of publication, distribution, etc. | Wiley, |
| Name of publisher, distributor, etc. | Chichester, West Sussex, U.K. ; | Hoboken, N.J. : |
| Date of publication, distribution, etc. | 2010 |
| 300 ## - PHYSICAL DESCRIPTION | |
| Extent | xii, 308 p. : |
| 942 ## - ADDED ENTRY ELEMENTS (KOHA) | |
| Koha item type | Book |
| Withdrawn status | Lost status | Damaged status | Not for loan | Permanent Location | Current Location | Date acquired | Total Checkouts | Full call number | Barcode | Date last seen | Price effective from | Koha item type |
|---|---|---|---|---|---|---|---|---|---|---|---|---|
| US-Pakistan Center for Advanced Studies in Energy (USPCAS-E) | US-Pakistan Center for Advanced Studies in Energy (USPCAS-E) | 01/04/2018 | 363.73874 QUA | CAS-E0000486 | 09/12/2023 | 09/12/2023 | Book |
